[Event "FRA-chT Top 16 GpA"]
[Site "Chartres"]
[Date "2023.06.07"]
[Round "7.3"]
[White "Vitoux, Colomban"]
[Black "Vernay, Clovis"]
[Result "1/2-1/2"]
[WhiteElo "2371"]
[BlackElo "2499"]
[PlyCount "20"]
[EventDate "2023.06.01"]
[EventType "team-tourn"]
[EventRounds "7"]
[EventCountry "FRA"]
[SourceTitle "CBM 214 Extra"]
[Source "ChessBase"]
[SourceDate "2023.07.31"]
[SourceVersion "1"]
[SourceVersionDate "2023.07.31"]
[SourceQuality "1"]
[WhiteTeam "Strasbourg"]
[BlackTeam "Lyon"]
[WhiteTeamCountry "FRA"]
[BlackTeamCountry "FRA"]

1. d4 d5 2. Nf3 Nf6 3. c4 c6 4. Qb3 e6 5. g3 dxc4 6. Qxc4 c5 7. Bg2 Nc6 8. dxc5 Qa5+ 9. Nbd2 Qxc5 10. 0-0 Bd7 1/2-1/2

[Event "Montevideo Duchamp Cup 5th"]
[Site "Montevideo"]
[Date "2022.02.19"]
[Round "9"]
[White "Carvalho, Guillermo"]
[Black "Vitoux, Colomban"]
[Result "0-1"]
[WhiteElo "2171"]
[BlackElo "2372"]
[PlyCount "156"]
[EventDate "2022.02.12"]
[EventType "swiss"]
[EventRounds "9"]
[EventCountry "URU"]
[SourceTitle "CBM 206 Extra"]
[Source "ChessBase"]
[SourceDate "2022.03.31"]
[SourceVersion "1"]
[SourceVersionDate "2022.03.31"]
[SourceQuality "1"]

1. c4 c6 2. e4 e5 3. d4 d6 4. Nc3 Nf6 5. Nf3 Bg4 6. Be2 Qc7 7. 0-0 Be7 8. Be3 0-0 9. Ne1 Bxe2 10. Qxe2 Nbd7 11. Nd3 Rfe8 12. d5 a6 13. Rac1 Qb8 14. f3 Rc8 15. b3 Bd8 16. Qf2 c5 17. g4 Ba5 18. Ne2 Rf8 19. Ng3 Kh8 20. Qg2 Ng8 21. Kh1 b5 22. h4 Bd8 23. Qh3 Ra7 24. g5 bxc4 25. bxc4 Qc8 26. f4 exf4 27. Bxf4 Bc7 28. Rb1 Ne7 29. h5 Nb6 30. Qxc8 Rxc8 31. Rbc1 Kg8 32. e5 dxe5 33. Bxe5 Rd8 34. Ne4 Nec8 35. Rf4 Nd7 36. Bxc7 Rxc7 37. h6 Re8 38. hxg7 Kxg7 39. Rcf1 Ne5 40. Nf6 Ree7 41. Nh5+ Kf8 42. Nxe5 Rxe5 43. Nf6 Nd6 44. Nxh7+ Kg7 45. Nf6 Rxg5 46. Rh4 Kg6 47. Ng8 Nf5 48. d6 Rd7 49. Ne7+ Nxe7 50. dxe7 Rxe7 51. Rh8 Kg7 52. Rh4 Re3 53. Rg1 Rxg1+ 54. Kxg1 Rc3 55. Re4 Kf6 56. Kf2 Kf5 57. Re7 f6 58. Ra7 Ra3 59. Rd7 Rxa2+ 60. Ke3 Ra3+ 61. Kd2 Ra2+ 62. Kd3 Ra3+ 63. Kd2 Ke4 64. Rd5 Ra5 65. Kc3 f5 66. Rd6 f4 67. Rc6 f3 68. Kb2 Ra4 69. Kb3 Ra1 70. Rf6 Ke3 71. Re6+ Kd3 72. Rd6+ Ke2 73. Kb2 Ra5 74. Re6+ Kf1 75. Re4 f2 76. Re8 Ra4 77. Kb3 Rb4+ 78. Kc3 Rb6 0-1

[Event "Montevideo Duchamp Cup 5th"]
[Site "Montevideo"]
[Date "2022.02.17"]
[Round "7"]
[White "Santiago, Yago de Moura"]
[Black "Vitoux, Colomban"]
[Result "1/2-1/2"]
[WhiteElo "2494"]
[BlackElo "2372"]
[PlyCount "38"]
[EventDate "2022.02.12"]
[EventType "swiss"]
[EventRounds "9"]
[EventCountry "URU"]
[SourceTitle "CBM 206 Extra"]
[Source "ChessBase"]
[SourceDate "2022.03.31"]
[SourceVersion "1"]
[SourceVersionDate "2022.03.31"]
[SourceQuality "1"]

1. d4 d5 2. c4 c6 3. Nf3 Nf6 4. Nc3 dxc4 5. a4 e6 6. e3 c5 7. Bxc4 cxd4 8. exd4 Be7 9. 0-0 0-0 10. Qe2 Nc6 11. Rd1 Nb4 12. Bg5 Bd7 13. Ne5 Bc6 14. Nxc6 bxc6 15. Bf4 Qa5 16. Be5 Rfd8 17. Ne4 Nxe4 18. Qxe4 Bd6 19. Rdc1 Bxe5 1/2-1/2

[Event "Montevideo Duchamp Cup 5th"]
[Site "Montevideo"]
[Date "2022.02.16"]
[Round "6"]
[White "Vitoux, Colomban"]
[Black "Carbone, Diego"]
[Result "1/2-1/2"]
[WhiteElo "2372"]
[BlackElo "2272"]
[PlyCount "73"]
[EventDate "2022.02.12"]
[EventType "swiss"]
[EventRounds "9"]
[EventCountry "URU"]
[SourceTitle "CBM 206 Extra"]
[Source "ChessBase"]
[SourceDate "2022.03.31"]
[SourceVersion "1"]
[SourceVersionDate "2022.03.31"]
[SourceQuality "1"]

1. c4 Nf6 2. Nc3 c5 3. g3 g6 4. Bg2 Bg7 5. e4 Nc6 6. Nge2 d6 7. 0-0 0-0 8. d4 cxd4 9. Nxd4 Nxe4 10. Nxc6 Nxc3 11. Nxd8 Nxd1 12. Nxf7 Nxf2 13. Ng5 Bd4 14. Bd5+ Kg7 15. Nf3 Nh3+ 16. Kg2 Bf6 17. Be3 h6 18. Nd4 a6 19. Rae1 Ng5 20. Bxg5 Bxg5 21. Rxf8 Kxf8 22. Ne6+ Bxe6 23. Rxe6 Bf6 24. b3 Rb8 25. Kf3 b5 26. c5 dxc5 27. Rxa6 Rd8 28. Ke4 Kg7 29. Rc6 b4 30. Rxc5 Rb8 31. Rc6 Rb5 32. Rc4 h5 33. Bc6 Ra5 34. Ba4 Re5+ 35. Kf3 Rf5+ 36. Ke2 Re5+ 37. Kf3 1/2-1/2

[Event "Montevideo Magistral Integracion 1st"]
[Site "Montevideo"]
[Date "2021.12.08"]
[Round "5"]
[White "Vitoux, Colomban"]
[Black "Coppola, Claudio"]
[Result "1-0"]
[WhiteElo "2365"]
[BlackElo "2226"]
[PlyCount "59"]
[EventDate "2021.12.04"]
[EventType "tourn"]
[EventRounds "9"]
[EventCountry "URU"]
[EventCategory "3"]
[SourceTitle "CBM 205 Extra"]
[Source "ChessBase"]
[SourceDate "2022.01.31"]
[SourceVersion "1"]
[SourceVersionDate "2022.01.31"]
[SourceQuality "1"]

1. Nf3 d5 2. g3 Nf6 3. Bg2 g6 4. c4 dxc4 5. Qa4+ c6 6. Qxc4 Be6 7. Qc2 h6 8. Nc3 Bg7 9. d4 Na6 10. e4 0-0 11. 0-0 Qa5 12. a3 Rfd8 13. Bf4 Qh5 14. h4 Nh7 15. Be3 Bg4 16. Ne5 c5 17. Nxg4 cxd4 18. Bf3 Kf8 19. Bf4 dxc3 20. Ne5 cxb2 21. Rab1 Qxe5 22. Bxe5 Bxe5 23. Rxb2 Rac8 24. Qe2 Nc5 25. Rd2 Nf6 26. Qe3 Rxd2 27. Qxh6+ Kg8 28. Qxd2 Ncxe4 29. Bxe4 Nxe4 30. Qd5 1-0

[Event "Montevideo Duchamp Cup 4th"]
[Site "Montevideo"]
[Date "2020.02.14"]
[Round "8"]
[White "Vitoux, Colomban"]
[Black "Siddeley, Hugh"]
[Result "1-0"]
[WhiteElo "2377"]
[BlackElo "1974"]
[PlyCount "69"]
[EventDate "2020.02.08"]
[EventType "swiss"]
[EventRounds "9"]
[EventCountry "URU"]
[SourceTitle "CBM 194 Extra"]
[Source "ChessBase"]
[SourceDate "2020.03.31"]
[SourceVersion "1"]
[SourceVersionDate "2020.03.31"]
[SourceQuality "1"]

1. d4 Nf6 2. Nf3 d5 3. c4 e6 4. g3 Be7 5. Bg2 0-0 6. 0-0 dxc4 7. Nbd2 c5 8. Nxc4 Nc6 9. dxc5 Qxd1 10. Rxd1 Bxc5 11. Nfe5 Nxe5 12. Nxe5 a5 13. Be3 Bxe3 14. fxe3 Nd5 15. Bxd5 exd5 16. Rxd5 Be6 17. Rd2 Rfd8 18. Rxd8+ Rxd8 19. Nf3 a4 20. a3 Rd6 21. Rc1 h6 22. Nd4 Rb6 23. Rc2 Bd5 24. Kf2 g6 25. Ke1 Kg7 26. h4 Kf6 27. Rc5 Ke5 28. Nb5 Ke6 29. Nc7+ Kd6 30. Nxd5 Rxb2 31. Nc3 Kxc5 32. Nxa4+ Kc4 33. Nxb2+ Kb3 34. Nd3 Kxa3 35. Kd2 1-0

[Event "FRA-chT Top 12"]
[Site "Brest"]
[Date "2019.05.24"]
[Round "7.6"]
[White "Leconte, Maria"]
[Black "Vitoux, Colomban"]
[Result "1/2-1/2"]
[WhiteElo "2246"]
[BlackElo "2384"]
[PlyCount "160"]
[EventDate "2019.05.18"]
[EventType "team-tourn"]
[EventRounds "11"]
[EventCountry "FRA"]
[SourceTitle "CBM 190 Extra"]
[Source "ChessBase"]
[SourceDate "2019.07.15"]
[SourceVersion "1"]
[SourceVersionDate "2019.07.15"]
[SourceQuality "1"]
[WhiteTeam "Monaco"]
[BlackTeam "Metz Fischer"]
[WhiteTeamCountry "FRA"]
[BlackTeamCountry "FRA"]

1. e4 c5 2. Nf3 Nc6 3. c3 e5 4. Bc4 Be7 5. 0-0 Nf6 6. Qe2 0-0 7. d3 d5 8. exd5 Nxd5 9. Nxe5 Nxe5 10. Qxe5 Nb6 11. Bf4 Nxc4 12. dxc4 Be6 13. Nd2 Qd3 14. Rfe1 Rad8 15. Ne4 Qxc4 16. b3 Qd5 17. h3 Qxe5 18. Bxe5 Rd5 19. Bf4 Rfd8 20. Re2 g5 21. Be3 Bf5 22. f3 f6 23. Kf2 Re5 24. Ng3 Bg6 25. Rae1 Kf7 26. f4 gxf4 27. Bxf4 Rxe2+ 28. Rxe2 c4 29. b4 a5 30. a3 Bd3 31. Rd2 axb4 32. axb4 Ra8 33. Be3 f5 34. Ne2 Ra1 35. Bd4 Bg5 36. Be3 Bf6 37. Bd4 Bg5 38. Be3 Bh4+ 39. g3 Bf6 40. Bd4 Bg5 41. Be3 Bf6 42. Bd4 Bxd4+ 43. Nxd4 Kf6 44. Ke3 Re1+ 45. Kf4 Rf1+ 46. Ke3 Re1+ 47. Kf4 Rf1+ 48. Ke3 Rc1 49. Nb5 Ke5 50. Ra2 Re1+ 51. Kf2 Rf1+ 52. Ke3 Rg1 53. Kf2 Rh1 54. Ra8 Rxh3 55. Re8+ Kd5 56. Rd8+ Ke6 57. Rd6+ Ke5 58. Rb6 Be4 59. Nd6 Bd5 60. Nxb7 Rh2+ 61. Ke1 Rc2 62. Nc5 Rxc3 63. Nd7+ Kd4 64. Rd6 Re3+ 65. Kd1 Re6 66. Rxe6 Bxe6 67. Nf8 Bd5 68. Nxh7 Kc3 69. Nf6 Bf3+ 70. Kc1 Kxb4 71. Nd7 Kc3 72. Ne5 Be4 73. Ng6 Kd3 74. g4 fxg4 75. Ne5+ Ke3 76. Nxg4+ Kf4 77. Nf6 Bc6 78. Kd2 Kf5 79. Kc3 Kxf6 80. Kxc4 Ke5 1/2-1/2

[Event "FRA-chT Top 12"]
[Site "Brest"]
[Date "2019.05.23"]
[Round "6.6"]
[White "Vitoux, Colomban"]
[Black "Iglesias, Yosha"]
[Result "1/2-1/2"]
[WhiteElo "2384"]
[BlackElo "2276"]
[PlyCount "79"]
[EventDate "2019.05.18"]
[EventType "team-tourn"]
[EventRounds "11"]
[EventCountry "FRA"]
[SourceTitle "CBM 190 Extra"]
[Source "ChessBase"]
[SourceDate "2019.07.15"]
[SourceVersion "1"]
[SourceVersionDate "2019.07.15"]
[SourceQuality "1"]
[WhiteTeam "Metz Fischer"]
[BlackTeam "Vandoeuvre"]
[WhiteTeamCountry "FRA"]
[BlackTeamCountry "FRA"]

1. e4 g6 2. d4 Bg7 3. Nc3 c6 4. g3 d5 5. Nge2 dxe4 6. Nxe4 Nf6 7. Nxf6+ exf6 8. Bg2 0-0 9. 0-0 Be6 10. Nf4 f5 11. c3 Re8 12. Re1 Na6 13. h4 Qd7 14. Bd2 Nc7 15. Qa4 a5 16. Nd3 b5 17. Qc2 Bd5 18. Nc5 Qd8 19. Rxe8+ Nxe8 20. Bg5 f6 21. Bf4 Bxg2 22. Kxg2 Qd5+ 23. f3 Bf8 24. Qb3 Qxb3 25. Nxb3 a4 26. Nd2 Bd6 27. Bxd6 Nxd6 28. Re1 Kf7 29. Re2 Nc4 30. Nb1 h5 31. Kf2 g5 32. Ke1 f4 33. gxf4 gxh4 34. Kf1 Kg6 35. Rh2 Re8 36. b3 Ne3+ 37. Kf2 Nd1+ 38. Kf1 Ne3+ 39. Kf2 Nd1+ 40. Kf1 1/2-1/2

[Event "FRA-chT Top 12"]
[Site "Brest"]
[Date "2018.05.27"]
[Round "2"]
[White "Vitoux, Colomban"]
[Black "Pelletier, Yannick"]
[Result "0-1"]
[WhiteElo "2384"]
[BlackElo "2550"]
[PlyCount "58"]
[EventDate "2018.05.26"]
[EventType "team-tourn"]
[EventRounds "11"]
[EventCountry "FRA"]
[SourceTitle "EXT 2019"]
[Source "ChessBase"]
[SourceDate "2018.10.10"]
[SourceVersion "1"]
[SourceVersionDate "2018.10.10"]
[SourceQuality "1"]
[WhiteTeam "Metz Fischer"]
[BlackTeam "Bischwiller"]
[WhiteTeamCountry "FRA"]
[BlackTeamCountry "FRA"]

1. c4 Nf6 2. g3 e6 3. Bg2 d5 4. Nf3 Be7 5. 0-0 0-0 6. b3 c6 7. Bb2 a5 8. Nc3 b6 9. d4 Ba6 10. Nd2 Ra7 11. e4 dxc4 12. e5 Nd5 13. bxc4 Nb4 14. Nce4 Rd7 15. Qg4 Kh8 16. Rfd1 Nc2 17. d5 Nxa1 18. d6 f5 19. exf6 Bxf6 20. Nxf6 gxf6 21. Ne4 e5 22. Bxa1 Bxc4 23. Qh4 Rg7 24. Nxf6 Qxf6 25. Qxc4 Qxf2+ 26. Kh1 Qe3 27. Qd3 Qxd3 28. Rxd3 Nd7 29. Bxc6 Rf1+ 0-1

[Event "FRA-chT Top 12"]
[Site "Chartres"]
[Date "2017.05.21"]
[Round "4.8"]
[White "Dacalor, Aurelie"]
[Black "Vitoux, Colomban"]
[Result "0-1"]
[WhiteElo "1997"]
[BlackElo "2382"]
[PlyCount "74"]
[EventDate "2017.05.18"]
[EventType "team-tourn"]
[EventRounds "11"]
[EventCountry "FRA"]
[SourceTitle "CBM 178 Extra"]
[Source "ChessBase"]
[SourceDate "2017.06.22"]
[SourceVersion "1"]
[SourceVersionDate "2017.06.22"]
[SourceQuality "1"]
[WhiteTeam "Bois Colombes"]
[BlackTeam "Strasbourg"]
[WhiteTeamCountry "FRA"]
[BlackTeamCountry "FRA"]

1. d4 Nf6 2. c4 b6 3. Nc3 Bb7 4. Nf3 g6 5. g3 d5 6. Bg2 Bg7 7. 0-0 0-0 8. cxd5 Nxd5 9. Re1 Nxc3 10. bxc3 c5 11. Bb2 Nc6 12. e4 e6 13. Rb1 Na5 14. Qe2 Qc8 15. Bf1 Rd8 16. Ba1 Qc6 17. Bg2 Rac8 18. Rbd1 Qa4 19. Rc1 Nc4 20. g4 b5 21. dxc5 Rxc5 22. Rcd1 Rcc8 23. Nd4 e5 24. Nb3 Qa3 25. g5 Qe7 26. h4 h6 27. Bh3 Rxd1 28. Rxd1 Rd8 29. Rxd8+ Qxd8 30. Nc5 Bc8 31. Bxc8 Qxc8 32. Nb3 Qh3 33. Nd2 Nxd2 34. Qxd2 Qg4+ 35. Kf1 Qxh4 36. Bb2 Qh1+ 37. Ke2 Qxe4+ 0-1

[Event "FRA-chT Top 12"]
[Site "Drancy"]
[Date "2016.06.06"]
[Round "10.6"]
[White "Vitoux, Colomban"]
[Black "Lazarev, Vladimir"]
[Result "1-0"]
[WhiteElo "2385"]
[BlackElo "2378"]
[PlyCount "75"]
[EventDate "2016.05.28"]
[EventType "team-tourn"]
[EventRounds "11"]
[EventCountry "FRA"]
[SourceTitle "CBM 172 Extra"]
[Source "ChessBase"]
[SourceDate "2016.06.21"]
[SourceVersion "1"]
[SourceVersionDate "2016.06.21"]
[SourceQuality "1"]
[WhiteTeam "Strasbourg"]
[BlackTeam "Saint Quentin"]
[WhiteTeamCountry "FRA"]
[BlackTeamCountry "FRA"]

1. e4 c5 2. Nf3 e6 3. c4 Nc6 4. Nc3 Nge7 5. d4 Nxd4 6. Nxd4 cxd4 7. Qxd4 Nc6 8. Qd3 Bc5 9. Be2 0-0 10. 0-0 d6 11. a3 a6 12. b4 Ba7 13. Qg3 e5 14. Bg5 f6 15. Bh6 Qd7 16. Be3 Nd4 17. Rad1 f5 18. f4 fxe4 19. fxe5 Rxf1+ 20. Rxf1 Nf5 21. Rxf5 Qxf5 22. exd6 Bxe3+ 23. Qxe3 Qe5 24. Qxe4 Qxd6 25. c5 Qf8 26. Nd5 Bd7 27. Ne7+ Kh8 28. Ng6+ hxg6 29. Qh4+ Kg8 30. Bc4+ Qf7 31. Bxf7+ Kxf7 32. Qf4+ Kg8 33. Qc4+ Kh7 34. Qh4+ Kg8 35. Qc4+ Kh7 36. Qh4+ Kg8 37. Qe4 Bc6 38. Qxg6 1-0

[Event "FRA-chT Top 12"]
[Site "Drancy"]
[Date "2016.06.05"]
[Round "9.8"]
[White "Roumegous, Marina"]
[Black "Vitoux, Colomban"]
[Result "1/2-1/2"]
[WhiteElo "2117"]
[BlackElo "2385"]
[PlyCount "102"]
[EventDate "2016.05.28"]
[EventType "team-tourn"]
[EventRounds "11"]
[EventCountry "FRA"]
[SourceTitle "CBM 172 Extra"]
[Source "ChessBase"]
[SourceDate "2016.06.21"]
[SourceVersion "1"]
[SourceVersionDate "2016.06.21"]
[SourceQuality "1"]
[WhiteTeam "Drancy Cavalier Bleu"]
[BlackTeam "Strasbourg"]
[WhiteTeamCountry "FRA"]
[BlackTeamCountry "FRA"]

1. d4 Nf6 2. Nf3 g6 3. e3 Bg7 4. c4 0-0 5. Be2 c5 6. Nc3 cxd4 7. Nxd4 d6 8. 0-0 Nbd7 9. b3 Nc5 10. Bb2 Bd7 11. Bf3 a5 12. Rc1 Qb6 13. Ndb5 Rfc8 14. Qe2 Bc6 15. Rfd1 Qd8 16. Nd5 Nxd5 17. Bxd5 Bxb2 18. Qxb2 Bxb5 19. cxb5 Qb6 20. Bc4 e6 21. Qd4 d5 22. Be2 Nd7 23. Qb2 Rc5 24. Rxc5 Qxc5 25. Rc1 Qd6 26. Qd2 Nb6 27. a4 e5 28. Rd1 Qc5 29. Rc1 Qd6 30. Rd1 Qc5 31. Rc1 Qe7 32. Bf3 e4 33. Be2 Qe5 34. g3 Nd7 35. Rd1 Nf6 36. Rc1 Nd7 37. Rd1 Nf6 38. Rc1 Kf8 39. Rc5 b6 40. Rc6 Nd7 41. Kg2 Rb8 42. b4 axb4 43. Qxb4+ Kg7 44. Qd6 Qxd6 45. Rxd6 Nc5 46. Bd1 Kf8 47. Rxd5 Ke7 48. Bc2 Ke6 49. Rd4 f5 50. h3 Rb7 51. Rd8 Rd7 1/2-1/2

[Event "FRA-chT Top 12"]
[Site "Drancy"]
[Date "2016.06.02"]
[Round "6.7"]
[White "Schlosser, Philipp"]
[Black "Vitoux, Colomban"]
[Result "1/2-1/2"]
[WhiteElo "2539"]
[BlackElo "2385"]
[PlyCount "79"]
[EventDate "2016.05.28"]
[EventType "team-tourn"]
[EventRounds "11"]
[EventCountry "FRA"]
[SourceTitle "CBM 172 Extra"]
[Source "ChessBase"]
[SourceDate "2016.06.21"]
[SourceVersion "1"]
[SourceVersionDate "2016.06.21"]
[SourceQuality "1"]
[WhiteTeam "Bischwiller"]
[BlackTeam "Strasbourg"]
[WhiteTeamCountry "FRA"]
[BlackTeamCountry "FRA"]

1. c4 c6 2. e4 e5 3. Nf3 Nf6 4. Nc3 Bb4 5. Nxe5 0-0 6. Be2 Re8 7. Nd3 Bxc3 8. dxc3 Nxe4 9. 0-0 d6 10. Re1 Bf5 11. Bf1 Nd7 12. f3 Nec5 13. Rxe8+ Qxe8 14. Nf2 Qe7 15. Bf4 Ne5 16. Qd2 Rd8 17. Rd1 f6 18. h3 h5 19. Bh2 h4 20. Qf4 Bc2 21. Rd4 Ne6 22. Qd2 Bf5 23. Rxh4 g5 24. Rd4 Nxd4 25. cxd4 Ng6 26. Nd1 Re8 27. Bg3 Kg7 28. Bf2 Nf4 29. Ne3 Bc8 30. d5 cxd5 31. Nxd5 Nxd5 32. Qxd5 Be6 33. Qd4 b6 34. h4 gxh4 35. Qxh4 Bf5 36. Bd4 Kf7 37. b4 Rg8 38. a4 Rg5 39. Kf2 Bc2 40. Be3 1/2-1/2

[Event "FRA-chT Top 12"]
[Site "Drancy"]
[Date "2016.05.31"]
[Round "4.8"]
[White "Vitoux, Colomban"]
[Black "De Seroux, Camille"]
[Result "1-0"]
[WhiteElo "2385"]
[BlackElo "2085"]
[PlyCount "77"]
[EventDate "2016.05.28"]
[EventType "team-tourn"]
[EventRounds "11"]
[EventCountry "FRA"]
[SourceTitle "CBM 172 Extra"]
[Source "ChessBase"]
[SourceDate "2016.06.21"]
[SourceVersion "1"]
[SourceVersionDate "2016.06.21"]
[SourceQuality "1"]
[WhiteTeam "Strasbourg"]
[BlackTeam "Chalons en Champagne"]
[WhiteTeamCountry "FRA"]
[BlackTeamCountry "FRA"]

1. e4 c5 2. Nf3 d6 3. c3 Nf6 4. Be2 Bd7 5. d3 g6 6. 0-0 Bg7 7. Nbd2 0-0 8. d4 cxd4 9. cxd4 Qc7 10. Bd3 Nc6 11. a3 e5 12. d5 Nb8 13. Nb1 a5 14. Be3 Na6 15. Qe2 Nc5 16. Rc1 b6 17. Nbd2 a4 18. Bb5 Qb7 19. Bxc5 bxc5 20. Bxd7 Nxd7 21. Rcb1 Bh6 22. Nc4 Qa6 23. Qc2 f5 24. exf5 Rxf5 25. b4 axb3 26. Rxb3 Rf4 27. Ne3 Raf8 28. Rf1 e4 29. Nd2 Qe2 30. Ndc4 Rxf2 31. Rxf2 Rxf2 32. Qxe2 Rxe2 33. Kf1 Ra2 34. Ng4 Bf4 35. g3 Be5 36. Rb7 Rc2 37. Nxd6 Rc1+ 38. Ke2 Bxd6 39. Rxd7 1-0

[Event "FRA-chT Top 12"]
[Site "Drancy"]
[Date "2016.05.30"]
[Round "3.6"]
[White "Sulava, Nenad"]
[Black "Vitoux, Colomban"]
[Result "1-0"]
[WhiteElo "2416"]
[BlackElo "2385"]
[PlyCount "107"]
[EventDate "2016.05.28"]
[EventType "team-tourn"]
[EventRounds "11"]
[EventCountry "FRA"]
[SourceTitle "CBM 172 Extra"]
[Source "ChessBase"]
[SourceDate "2016.06.21"]
[SourceVersion "1"]
[SourceVersionDate "2016.06.21"]
[SourceQuality "1"]
[WhiteTeam "Nice Alekhine"]
[BlackTeam "Strasbourg"]
[WhiteTeamCountry "FRA"]
[BlackTeamCountry "FRA"]

1. d4 Nf6 2. Bg5 e6 3. Nd2 d5 4. e3 c5 5. c3 Nc6 6. Ngf3 Be7 7. Bd3 h6 8. Bh4 Nd7 9. Bg3 Bf6 10. 0-0 0-0 11. Bd6 Be7 12. Bxe7 Qxe7 13. Re1 Rd8 14. Rc1 b6 15. e4 dxe4 16. Bxe4 Bb7 17. d5 exd5 18. Bxd5 Qf8 19. Qa4 Na5 20. Bxb7 Nxb7 21. Ne4 f5 22. Ng3 Nd6 23. Rcd1 Nf6 24. Nh4 Nfe4 25. Nhxf5 Kh8 26. Nxe4 Nxf5 27. Rxd8 Qxd8 28. Qc6 Qe8 29. Qxe8+ Rxe8 30. f3 Nd6 31. Kf2 Nc4 32. b3 Ne5 33. Kg3 Ng6 34. Rd1 Re7 35. h4 Kg8 36. Rd8+ Nf8 37. h5 Re5 38. Kh4 Kf7 39. Ra8 Re7 40. Nd6+ Kg8 41. g4 Re3 42. f4 Rxc3 43. f5 Rd3 44. Nc4 Rd5 45. a4 Kf7 46. Rxa7+ Kf6 47. Rb7 Nd7 48. Nxb6 Nxb6 49. Rxb6+ Ke5 50. Re6+ Kf4 51. Re1 Kf3 52. f6 gxf6 53. Rf1+ Kg2 54. Rxf6 1-0

[Event "FRA-chT Top 12"]
[Site "Drancy"]
[Date "2016.05.29"]
[Round "2.5"]
[White "Barbot, Pierre"]
[Black "Vitoux, Colomban"]
[Result "0-1"]
[WhiteElo "2429"]
[BlackElo "2385"]
[PlyCount "112"]
[EventDate "2016.05.28"]
[EventType "team-tourn"]
[EventRounds "11"]
[EventCountry "FRA"]
[SourceTitle "CBM 172 Extra"]
[Source "ChessBase"]
[SourceDate "2016.06.21"]
[SourceVersion "1"]
[SourceVersionDate "2016.06.21"]
[SourceQuality "1"]
[WhiteTeam "Clichy Echecs 92"]
[BlackTeam "Strasbourg"]
[WhiteTeamCountry "FRA"]
[BlackTeamCountry "FRA"]

1. d4 Nf6 2. c4 c6 3. Nc3 d5 4. e3 g6 5. Bd3 Bg7 6. Qc2 0-0 7. Nf3 c5 8. dxc5 Na6 9. cxd5 Nb4 10. Qd2 Nfxd5 11. Be4 Nxc3 12. bxc3 Na6 13. c6 Qc7 14. 0-0 Nc5 15. cxb7 Bxb7 16. Bxb7 Qxb7 17. Nd4 e5 18. Ne2 Rfd8 19. Qc2 Rac8 20. Ba3 Nd3 21. Rab1 Qa6 22. Rb3 Rc4 23. Be7 Rd7 24. Rb8+ Rc8 25. Rxc8+ Qxc8 26. Ba3 Qa6 27. Bc1 e4 28. Nd4 Rb7 29. Rd1 Qc4 30. Ba3 f5 31. h3 Bxd4 32. exd4 Rc7 33. Rb1 Kg7 34. Bd6 Qxc3 35. Qxc3 Rxc3 36. Rb7+ Kf6 37. Rxa7 Rc1+ 38. Kh2 Nxf2 39. Bf4 Rh1+ 40. Kg3 Nd3 41. Ra6+ Kf7 42. d5 Nb4 43. Ra7+ Kf6 44. a3 Nxd5 45. Ra6+ Kf7 46. Ra7+ Ke6 47. Ra6+ Kf7 48. Ra7+ Ke8 49. Rxh7 Rf1 50. Bg5 f4+ 51. Kg4 Ne3+ 52. Kh4 Nf5+ 53. Kg4 Ne3+ 54. Kh4 Nxg2+ 55. Kg4 Ne3+ 56. Kh4 Rg1 0-1

[Event "New York Central op 2nd"]
[Site "Syracuse"]
[Date "2015.10.17"]
[Round "1"]
[White "Vitoux, Colomban"]
[Black "Lee, Brendon"]
[Result "1-0"]
[WhiteElo "2401"]
[BlackElo "1875"]
[PlyCount "55"]
[EventDate "2015.10.17"]
[EventType "swiss"]
[EventRounds "5"]
[EventCountry "USA"]
[SourceTitle "EXT 2018"]
[Source "ChessBase"]
[SourceDate "2017.10.13"]
[SourceVersion "1"]
[SourceVersionDate "2017.10.13"]
[SourceQuality "1"]

1. e4 e5 2. Nf3 Nc6 3. Bc4 Bc5 4. b4 Bxb4 5. c3 Be7 6. d4 d6 7. dxe5 Na5 8. Qa4+ c6 9. Be2 dxe5 10. Nxe5 Nf6 11. 0-0 0-0 12. f4 b5 13. Qc2 Qb6+ 14. Kh1 Bb7 15. a4 a6 16. Nd2 c5 17. Rb1 b4 18. Ndc4 Nxc4 19. Nxc4 Qc7 20. Bf3 a5 21. Ne3 Rfc8 22. c4 Qxf4 23. e5 Bxf3 24. exf6 Bd6 25. gxf3 Qxf6 26. Nd5 Qh4 27. Nb6 b3 28. Qf2 1-0

[Event "FRA-chT Top 12"]
[Site "Montpellier"]
[Date "2015.06.03"]
[Round "5"]
[White "Vitoux, Colomban"]
[Black "Congiu, Mathilde"]
[Result "1/2-1/2"]
[WhiteElo "2391"]
[BlackElo "2259"]
[PlyCount "79"]
[EventDate "2015.05.30"]
[EventType "team-tourn"]
[EventRounds "11"]
[EventCountry "FRA"]
[SourceTitle "CBM 166 Extra"]
[Source "ChessBase"]
[SourceDate "2015.06.18"]
[SourceVersion "1"]
[SourceVersionDate "2015.06.18"]
[SourceQuality "1"]
[WhiteTeam "Strasbourg"]
[BlackTeam "Bois Colombes"]
[WhiteTeamCountry "FRA"]
[BlackTeamCountry "FRA"]

1. c4 Nf6 2. Nc3 g6 3. e4 d6 4. g3 c5 5. Bg2 Bg7 6. Nge2 Nc6 7. 0-0 0-0 8. d3 Bg4 9. f3 Bd7 10. a3 a6 11. Rb1 Rb8 12. b4 cxb4 13. axb4 Qb6+ 14. Kh1 Nxb4 15. Na2 a5 16. Bd2 Qc7 17. Nxb4 axb4 18. Bxb4 b5 19. c5 dxc5 20. Rc1 c4 21. dxc4 Rfc8 22. Bxe7 Ne8 23. cxb5 Qb7 24. Rxc8 Rxc8 25. Re1 Bxb5 26. Bg5 Qa7 27. Qd2 Qa4 28. Rc1 Rxc1+ 29. Nxc1 Bc3 30. Qf2 Qd1+ 31. Qg1 Qc2 32. Be3 Nd6 33. Bf1 Bxf1 34. Qxf1 Nxe4 35. Qc4 Nf2+ 36. Bxf2 Qxc1+ 37. Kg2 Qd2 38. h4 h5 39. Qc5 Bf6 40. Qe3 1/2-1/2